00638nam a2200193Ia 4500008004100000020001400041082001700055100002300072245004900095250000700144260004500151300002600196500001900222600003300241650001500274942000700289952013100296999001700427240925s9999 xx 000 0 und d a131992759 a808.0666 BOR aBorowick ,Jerome N 0aTechnical Communication and its Applications aNA aNew Jersey:bPrintice- Hall Int.c,1996. ax,354p.bNAfOriginal aIncludes Index aHumanities & Natural Science aLiterature cBK 001040708HUMaUITUbUITUd2013-04-01eFair Book Centerg660.00l0o808.0666 BORpQ9676r2024-09-25 07:15:24w2024-09-25yBK c12175d12175